[Event "GCT Cote d Ivoire Blitz 2019"]
[Site "Abidjan"]
[Date "2019.05.12"]
[Round "13"]
[White "Topalov, Veselin"]
[Black "Carlsen, Magnus"]
[Result "0-1"]
[WhiteElo "2736"]
[BlackElo "2867"]
[Annotator "TA"]
[PlyCount "56"]
[EventDate "2019.05.05"]
[EventType "tourn"]
[EventCountry "IVO"]
[SourceTitle "playchess.com"]
[Source "ChessBase"]
[SourceQuality "1"]

{[%evp 30,56,51,52,60,65,52,36,54,44,70,26,85,78,95,100,116,133,150,143,151,46,32,-357,-357,-333,-314,-29998,-29999]} 1. e4 c5 2. Nf3 Nc6 3. d4 cxd4 4. Nxd4 Nf6 5. Nc3 e5 6. Ndb5 d6 7. Bg5 a6 8. Na3 b5 9. Bxf6 gxf6 10. Nd5 Bg7 11. c3 f5 12. exf5 Bxf5 13. Nc2 O-O 14. Nce3 Be6 15. Bd3 f5 16. O-O e4 {B33: Sicilian: Pelikan and Sveshnikov Variations} 17. Nf4 Bf7 18. Bc2 Be5 {White is slightly better.} 19. Nfd5 {[#]} Kh8 $146 ({Predecessor:} 19... Qg5 20. f4 exf3 21. Qxf3 Bh5 22. Qf2 f4 23. h4 Qd8 24. Nf5 Bg6 25. Nd4 Nxd4 26. cxd4 Bxc2 27. dxe5 dxe5 28. Qc5 Rf7 {½-½ (28) Anand,V (2770)-Kramnik,V (2790) Linares 1998}) 20. f4 exf3 (20... Bxd5 $1 $11 {remains equal.} 21. fxe5 Qb6 22. Qxd5 Qxe3+ 23. Kh1 Qc5 24. Qxd6 Qxd6 25. exd6 Ne5) 21. Qxf3 $16 Bxd5 22. Nxd5 Qh4 23. g3 Rg8 {[%cal Re5g3] [#] White must now prevent ...Bxg3!} 24. Nf4 $1 {Kh1 is the strong threat.} ({Wrong is} 24. Bxf5 $2 {[#]} Bxg3 $1 {[%mdl 512]} 25. h3 Be5+ 26. Kh1 Rg3 $19) 24... Qh6 25. Bxf5 ({White should try} 25. Bb3 $16) 25... Raf8 $1 $14 {[%cal Rf8f5]} 26. Ne6 $2 {[%mdl 8192] [#]} (26. Ng2 $14 {stays ahead.} Ne7 27. Qd3) 26... Bxg3 $1 $19 {[%mdl 512]} 27. hxg3 Rxf5 $1 {[%mdl 64] Deflection} 28. Qxf5 $2 (28. Nf4 $19) 28... Rxg3+ {Accuracy: White = 24%, Black = 72%.} 0-1

[Event "GCT Cote d Ivoire Blitz 2019"]
[Site "Abidjan"]
[Date "2019.05.12"]
[Round "14"]
[White "Carlsen, Magnus"]
[Black "Karjakin, Sergey"]
[Result "1-0"]
[WhiteElo "2867"]
[BlackElo "2773"]
[Annotator "TA"]
[PlyCount "135"]
[EventDate "2019.05.05"]
[EventType "tourn"]
[EventCountry "IVO"]
[SourceTitle "playchess.com"]
[Source "ChessBase"]
[SourceQuality "1"]

{[%evp 9,135,0,0,0,0,-6,0,0,32,10,4,-6,0,0,0,-10,0,-30,-23,-33,-31,-60,-54,-77,-67,-80,-82,-64,0,-60,-32,-32,-16,-16,-5,-32,-21,-32,0,0,3,3,6,0,78,70,49,30,102,97,70,46,128,127,127,143,139,96,239,236,230,244,478,482,439,437,688,663,786,779,775,784,775,773,773,775,767,765,755,755,705,728,720,704,689,681,1300,1315,912,831,731,614,4566,4567,4553,4512,4479,4479,4479,4447,4259,4299,4259,3806,3197,1992,3015,2868,1994,1098,29967,29968,29968,29969,29974,29976,29975,29976,29978,29979,29979,29977,29979,29979,29980,29977,29970,12828]} 1. c4 Nf6 2. Nc3 e5 3. g3 Bb4 4. e4 Bxc3 5. dxc3 d6 6. f3 {A22: English Opening: 1...e5 2 Nc3 Nf6} O-O (6... a5 7. Nh3 a4 8. Nf2 Be6 9. Bd3 Nbd7 10. Qe2 c6 11. f4 Nb6 {½-½ (63) Carlsen,M (2845)-Anand,V (2774) Karlsruhe/Baden Baden 2019}) 7. Nh3 a6 $146 ({Predecessor:} 7... h6 8. Nf2 Nbd7 9. Be3 Qe7 10. g4 Nc5 11. h4 Nfd7 12. Rh2 Ne6 13. Qd2 Re8 14. O-O-O Ndf8 15. Nh1 Ng6 16. Ng3 Nxh4 17. Qf2 Ng6 18. Nf5 {½-½ (18) Berkes,F (2678)-Lafuente,P (2565) Khanty-Mansiysk 2010}) 8. a4 {The position is equal.} Nbd7 9. Nf2 a5 10. Be2 Nc5 11. O-O Bd7 12. Be3 b6 13. Kh1 Kh8 14. b3 Ng8 15. g4 Ne7 16. Rb1 Ng6 17. Qd2 Ne6 18. Nd3 Nc5 (18... Qf6 $15) 19. Rg1 ({Better is} 19. Nf2 $11) 19... Nxd3 20. Bxd3 Bc6 21. Rg3 Qe7 22. Rbg1 Kg8 23. Bc2 Kh8 24. Kg2 Kg8 25. Kf2 f6 26. Ke1 Kf7 {[#]} (26... Nh4 $11) 27. g5 $1 $16 Ke8 28. Kd1 Bd7 (28... Rf7 $11 {remains equal.}) 29. gxf6 Qxf6 30. Bg5 Qe6 (30... Qf7 $14) 31. h4 Rf7 32. h5 Nf8 33. Kc1 $36 {[%mdl 2048] White is on the roll.} g6 (33... Bc6 $16) 34. f4 $18 exf4 35. Bxf4 Bc6 $2 {[#]} (35... Qf6) 36. e5 $1 {[%cal Re5d6][%mdl 512]} dxe5 {[#]} 37. Bxe5 $1 {[%mdl 512]} Re7 ({Don't play} 37... Qxe5 38. hxg6 hxg6 39. Re3) (37... Rd8 $142 38. Bd4 Kd7 39. hxg6 hxg6 40. Bxg6 Kc8) 38. hxg6 hxg6 39. Bxg6+ Nxg6 40. Rxg6 Qxe5 41. Rg8+ Kf7 42. Qf2+ Ke6 43. R1g6+ Kd7 44. Qd2+ Bd5 45. Rxa8 ({Inferior is} 45. cxd5 Rxg8 46. Rxg8 Qh5 $14) ({Less strong is} 45. Qxd5+ Qxd5 46. cxd5 Rxg8 $14) 45... Qe1+ 46. Qxe1 Rxe1+ 47. Kd2 Bxa8 48. Kxe1 {[%mdl 4096] Endgame KR-KB} Be4 49. Rg7+ Kd6 50. Kd2 c5 51. Kc1 Kc6 52. Kb2 Bd3 53. Rg4 Be2 54. Rf4 Bd3 55. Rh4 Be2 56. Kc2 Bf3 57. Rf4 Bh5 58. Rf6+ Kc7 59. b4 Bg4 60. bxc5 {White mates.} bxc5 61. Kd3 Bd1 62. Ke4 Bxa4 63. Kd5 Bb3 64. Kxc5 a4 65. Kb4 Kb7 66. c5 Kc7 67. Ra6 Kb7 68. Rxa4 {Accuracy: White = 66%, Black = 29%.} 1-0

[Event "GCT Cote d Ivoire Blitz 2019"]
[Site "Abidjan"]
[Date "2019.05.12"]
[Round "14"]
[White "Nakamura, Hikaru"]
[Black "Topalov, Veselin"]
[Result "1-0"]
[WhiteElo "2805"]
[BlackElo "2736"]
[Annotator "TA"]
[PlyCount "109"]
[EventDate "2019.05.05"]
[EventType "tourn"]
[EventCountry "IVO"]
[SourceTitle "playchess.com"]
[Source "ChessBase"]
[SourceQuality "1"]

{[%evp 9,109,29,24,10,31,36,63,64,67,71,68,4,20,-31,59,60,48,34,37,25,28,25,47,47,69,35,37,36,33,33,33,33,45,35,65,32,29,28,33,31,43,43,33,11,31,35,79,77,82,35,54,40,62,62,61,61,61,61,45,37,120,85,125,83,89,68,68,69,84,27,32,0,0,0,0,0,0,0,0,0,0,-14,-12,-10,8,8,13,11,58,0,42,34,33,-4,8,8,21,8,20,4,929,919]} 1. Nf3 d5 2. e3 c6 3. c4 Nf6 4. Nc3 a6 5. d4 Bf5 6. Nh4 {D15: Slav Defence: 4 Nc3 a6 and gambit lines after 4 Nc3 dxc4} (6. Qb3 Ra7 7. Nh4 Bc8 8. Bd2 e6 9. c5 Nbd7 10. Nf3 e5 11. Nxe5 Nxe5 12. dxe5 Nd7 13. Na4 Bxc5 14. Nxc5 Nxc5 {0-1 (84) Radjabov,T (2757)-Fedoseev,V (2724) Wijk aan Zee 2019}) 6... Be6 7. c5 g6 8. Bd3 {White is slightly better.} Bg7 9. O-O O-O 10. b4 $146 (10. f4 $14) ({Predecessor:} 10. Qc2 Bc8 11. Na4 Nbd7 12. f4 Qc7 13. Bd2 Rb8 {1-0 (40) Szabo,E (2436)-Aguilar,S (2033) LSS email 2009}) 10... Bc8 11. f4 (11. Bb2 $11) 11... Ne8 (11... a5 $15) 12. Qe1 $14 a5 13. Na4 axb4 14. Nb6 Ra7 15. Qxb4 Na6 {[%cal Bb8a6,Ba6c7,Bc7e6][%mdl 32]} 16. Qc3 Nf6 17. Nxc8 Qxc8 18. Rb1 Nc7 19. Qc2 Ne4 20. Nf3 Qd7 21. a3 Rfa8 22. Rb3 f5 23. Bb2 Ne6 24. Rb1 Nd8 25. Bc1 Bf6 26. g3 Kg7 27. Qg2 Ra4 28. h3 h5 29. g4 (29. Nh2 {feels hotter.} Qe6 30. g4 Kf8 31. g5 Bg7 32. Nf3) 29... fxg4 30. hxg4 Qxg4 31. Qxg4 hxg4 32. Bxe4 gxf3 33. Bxf3 g5 {With the idea ...gxf4.} 34. f5 Kf8 (34... Nf7 $1 $14) 35. Kf2 Ke8 36. Ke2 Kd7 37. Kd3 Kc7 38. Bh5 R4a7 39. Bb2 (39. Ke2 $16) 39... Ra6 $1 $11 40. Kc2 b6 41. cxb6+ Rxb6 42. Rxb6 Kxb6 43. Bc3+ Kc7 44. Ra1 Nb7 45. a4 Nd6 46. Bg4 Nc4 47. Kd3 c5 48. Bf3 cxd4 (48... Rh8 {is more complex.} 49. Rh1 Rxh1 50. Bxh1 Kd6 51. e4 cxd4 52. Bxd4 Ne5+) 49. Bxd4 ({Better is} 49. exd4 $14 Kc6 50. a5) 49... Ne5+ 50. Bxe5+ Bxe5 51. Ra2 (51. Bxd5 $5 {[%cal Ra1c1]} Ra5 52. Rc1+ Kd6 53. Bc6 $14) 51... Kd6 52. a5 Ra7 53. a6 Kc5 54. e4 d4 $2 {[%mdl 8192] [#]} (54... Kb6 $11) 55. Ra5+ {Accuracy: White = 53%, Black = 44%.} 1-0

[Event "GCT Cote d Ivoire Blitz 2019"]
[Site "Abidjan"]
[Date "2019.05.12"]
[Round "14"]
[White "So, Wesley"]
[Black "Nepomniachtchi, Ian"]
[Result "1/2-1/2"]
[WhiteElo "2772"]
[BlackElo "2776"]
[Annotator "TA"]
[PlyCount "66"]
[EventDate "2019.05.05"]
[EventType "tourn"]
[EventCountry "IVO"]
[SourceTitle "playchess.com"]
[Source "ChessBase"]
[SourceQuality "1"]

{[%evp 12,66,31,29,37,38,37,24,23,22,79,79,80,76,72,83,73,77,113,118,110,89,89,81,111,119,114,41,38,0,0,0,25,21,11,9,29,30,40,0,99,107,90,22,20,27,22,28,39,24,16,7,112,8,8,0,0]} 1. e4 e5 2. Nf3 Nc6 3. Bc4 Nf6 4. d3 Be7 5. O-O O-O 6. h3 d6 7. a4 a5 {C55: Two Knights: 4 d3, 4 d4 exd4 5 e5 and Max Lange Attack} 8. Re1 (8. Nbd2 Nd7 9. Re1 Nb6 10. Bb3 Kh8 11. c3 f5 12. exf5 Bxf5 13. Nf1 Bg6 14. Ng3 Bf6 15. Ne4 {½-½ (41) Radjabov,T (2756)-Carlsen,M (2845) Shamkir 2019}) 8... Be6 9. Nbd2 Nd7 {White has an edge.} 10. c3 Nc5 $146 (10... h6 $11 {keeps the balance.}) ({Predecessor:} 10... Bf6 11. Nf1 Nc5 12. Bxe6 Nxe6 13. Ne3 g6 14. Nd5 Bg7 15. Be3 {½-½ (38) Baciu,D (2153)-Mohota,N (2332) Khanty-Mansiysk 2010}) 11. d4 $16 Bxc4 12. Nxc4 exd4 13. cxd4 Nd7 14. Bd2 Re8 15. d5 Nce5 16. Nfxe5 Nxe5 17. Nxa5 c5 {[#]} 18. dxc6 $1 ({Don't play} 18. Nxb7 Qb6 $15) 18... bxc6 {[%cal Bb7c6,Bc6c5][%mdl 32] [#]} 19. b4 (19. Nb3 $1 $16) 19... c5 $1 $14 20. Nb3 Nd3 21. Re3 Nb2 22. Qc2 Nxa4 23. Na5 Nb6 24. bxc5 dxc5 25. Bc3 Bf6 (25... Bf8 $11) 26. Rd1 $36 {[%mdl 2048] White is on the roll.} Qe7 27. Nc6 (27. e5 $16 Bg5 28. Rg3) 27... Qe6 $11 {Hoping for ...Bxc3.} 28. Bxf6 Qxc6 29. Ba1 Nd7 30. Rg3 Ne5 31. Kh2 h6 (31... Ng6 $11 {remains equal.}) 32. Bxe5 ({White should play} 32. Bb2 $16 {And now f4 would win.} Qa4 33. Qd2 Qxe4 34. f4 (34. Qxh6 Ng4+ 35. Rxg4 Qxg4 $17)) 32... Rxe5 33. Rc3 Qxe4 {Accuracy: White = 50%, Black = 58%.} 1/2-1/2

[Event "GCT Cote d Ivoire Blitz 2019"]
[Site "Abidjan"]
[Date "2019.05.12"]
[Round "14"]
[White "Wei, Yi"]
[Black "Vachier-Lagrave, Maxime"]
[Result "0-1"]
[WhiteElo "2737"]
[BlackElo "2792"]
[Annotator "ChessBase"]
[PlyCount "88"]
[EventDate "2019.05.05"]
[EventType "tourn"]
[EventCountry "IVO"]
[SourceTitle "playchess.com"]
[Source "ChessBase"]
[SourceQuality "1"]
[TimeMode "Bronstein"]
[TimeControl "300+3"]

1. d4 {[%emt 0:00:00]} Nf6 {[%emt 0:00:00]} 2. c4 {[%emt 0:00:00]} g6 {[%emt 0:00:00]} 3. Nc3 {[%emt 0:00:00]} d5 {[%emt 0:00:00]} 4. Bg5 {[%emt 0:00:00]} Ne4 {[%emt 0:00:00]} 5. Bh4 {[%emt 0:00:00]} Nxc3 {[%emt 0:00:00]} 6. bxc3 {[%emt 0:00:00]} dxc4 {[%emt 0:00:00]} 7. e3 {[%emt 0:00:00]} Be6 {[%emt 0:00:00]} 8. Nf3 {[%emt 0:00:00]} Bg7 {[%emt 0:00:02]} 9. Qb1 {[%emt 0:00:00]} b6 {[%emt 0:00:35]} 10. Ng5 {[%emt 0:00:00]} Bd5 {[%emt 0:00:03]} 11. e4 {[%emt 0:00:00]} h6 {[%emt 0:00:03]} 12. Nh3 {[%emt 0:00:00]} Bb7 {[%emt 0:00:10]} 13. Bxc4 {[%emt 0:00:01]} c5 {[%emt 0:00:08]} 14. Nf4 {[%emt 0:00:33]} Qd7 {[%emt 0:00:26]} 15. e5 {[%emt 0:00:32]} e6 {[%emt 0:00:07]} 16. O-O {[%emt 0:01:26]} cxd4 {[%emt 0:00:28]} 17. Bf6 {[%emt 0:00:40]} Bxf6 {[%emt 0:00:07]} 18. exf6 {[%emt 0:00:03]} Nc6 {[%emt 0:00:03]} 19. Re1 {[%emt 0:00:21]} O-O-O {[%emt 0:00:26]} 20. Nxe6 {[%emt 0:00:04]} Rde8 {[%emt 0:00:38]} 21. Nxd4 {[%emt 0:00:03]} Nxd4 {[%emt 0:00:03]} 22. cxd4 {[%emt 0:00:03]} Qxd4 {[%emt 0:00:05]} 23. Bxf7 {[%emt 0:00:37]} Rxe1+ {[%emt 0:00:03]} 24. Qxe1 {[%emt 0:00:03]} Qxf6 {[%emt 0:00:03]} 25. Rc1+ {[%emt 0:00:26]} Kb8 {[%emt 0:00:03]} 26. Bxg6 {[%emt 0:00:03]} Rg8 {[%emt 0:00:34]} 27. Be4 {[%emt 0:00:03]} Re8 {[%emt 0:00:03]} 28. f3 {[%emt 0:00:05]} Bxe4 {[%emt 0:00:03]} 29. fxe4 {[%emt 0:00:03]} Qd4+ {[%emt 0:00:03]} 30. Kh1 {[%emt 0:00:04]} Rxe4 {[%emt 0:00:26]} 31. Qg3+ {[%emt 0:00:03]} Qe5 {[%emt 0:00:03]} 32. Qg8+ {[%emt 0:00:03]} Qe8 {[%emt 0:00:03]} 33. Qg3+ {[%emt 0:00:03]} Ka8 {[%emt 0:00:12]} 34. Qf3 {[%emt 0:00:03]} Qc6 {[%emt 0:00:14]} 35. Rd1 {[%emt 0:00:17]} Kb7 {[%emt 0:00:09]} 36. h3 {[%emt 0:00:03]} Re7 {[%emt 0:00:07]} 37. Qf5 {[%emt 0:00:03]} a5 {[%emt 0:00:05]} 38. Qf4 {[%emt 0:00:10]} Re6 {[%emt 0:00:06]} 39. Qf7+ {[%emt 0:00:03]} Ka6 {[%emt 0:00:03]} 40. Rd7 {[%emt 0:00:03]} Qc4 {[%emt 0:00:12]} 41. Qf2 {[%emt 0:00:12]} Re2 {[%emt 0:00:10]} 42. Qf3 {[%emt 0:00:03]} Rxa2 {[%emt 0:00:09]} 43. Qa8+ {[%emt 0:00:03]} Kb5 {[%emt 0:00:03]} 44. Qe8 {[%emt 0:00:05]} Qf1+ {[%emt 0:00:03]} 0-1

[Event "GCT Cote d Ivoire Blitz 2019"]
[Site "Abidjan"]
[Date "2019.05.12"]
[Round "14"]
[White "Amin, Bassem"]
[Black "Ding, Liren"]
[Result "1-0"]
[WhiteElo "2683"]
[BlackElo "2786"]
[Annotator "TA"]
[PlyCount "185"]
[EventDate "2019.05.05"]
[EventType "tourn"]
[EventCountry "IVO"]
[SourceTitle "playchess.com"]
[Source "ChessBase"]
[SourceQuality "1"]

{[%evp 21,185,37,51,20,30,18,15,0,64,65,66,56,104,92,202,200,204,183,172,129,119,124,131,120,161,150,206,187,243,204,213,186,265,244,286,286,286,286,281,272,465,508,474,498,506,491,490,492,482,483,478,466,637,481,592,592,599,481,481,481,481,170,170,170,170,170,170,101,6625,5708,29969,29969,29966,29963,29966,29963,4582,0,0,0,0,0,0,0,0,0,0,0,0,0,0,0,0,0,0,0,0,0,0,0,0,0,0,0,0,0,0,0,0,0,0,0,0,0,0,0,0,0,0,0,13,14,20,0,0,0,0,0,12810,7683,29982,0,28,0,0,0,0,0,0,0,0,0,0,0,0,0,0,0,0,0,29982,29983,29983,29984,29984,29985,29985,29986,29986,29986,29986,29987,29989,29990,29990,29991]} 1. Nf3 d5 2. g3 Bf5 3. Bg2 e6 4. O-O c6 5. d3 Nf6 6. Nbd2 h6 7. b3 Nbd7 8. Bb2 Be7 9. e4 dxe4 10. dxe4 Bh7 11. Qe2 O-O ({Predecessor:} 11... Qc7 12. e5 Nd5 13. Ne4 O-O {1-0 (45) Weyrich,M (2312)-Schuette,M (2249) Germany 2005}) 12. Rad1 $146 {A07: Réti Opening: New York and Capablanca Systems} (12. Rfd1 Qc7 13. a3 Rfd8 14. e5 Ne8 15. Nc4 Nb6 16. Ne3 Rxd1+ 17. Rxd1 Rd8 18. c4 Nd7 19. b4 a5 {1-0 (58) Kuzubov,Y (2624)-Chadaev,N (2568) Moscow 2011}) 12... Qc7 13. e5 Nd5 14. Ne4 {The position is equal.} b5 ({Black should play} 14... a5 $11) 15. c4 $14 bxc4 16. bxc4 N5b6 17. Nd6 Rad8 (17... Na4 $16) 18. Nd4 $1 $18 {[%cal Rd4c6]} Nxe5 19. c5 $1 $36 {[%cal Rc5b6][%mdl 2048] White has strong initiative.} Nbd7 {[#]} 20. Nxe6 $1 {[%mdl 512]} fxe6 21. Bxe5 Nxe5 22. Qxe5 Rf6 23. Rfe1 Rdf8 (23... Bf8 $16 {was necessary.} 24. Rd2 Bf5) 24. f4 Bg6 (24... Kh8 $142 25. Kh1 Qa5 26. Bxc6 Bf5) 25. Kh1 Kh7 26. h4 Bd8 (26... Qa5 $142 27. Bxc6 Qa6) 27. h5 Bf5 28. Nxf5 exf5 29. Qxc7 $1 Bxc7 30. Rd7 R8f7 $2 {[#]} (30... Bd8 {might work better.} 31. Rxa7 R8f7 32. Rxf7 Rxf7 33. Bxc6 Re7) 31. Bxc6 $1 {[%mdl 512]} Rxd7 (31... Rxc6 32. Rxf7) 32. Bxd7 {[%mdl 4096] Endgame KRB-KRB} g5 33. hxg6+ Kxg6 34. Re7 {Threatening mate with Be8+.} Rf8 35. Bxf5+ Kxf5 36. Rxc7 {KR-KR} a5 37. Kg2 Rd8 38. Kh3 Rd2 39. a4 Ra2 40. c6 Rxa4 41. Rh7 $2 (41. Rc8 Rc4 42. c7) 41... Kg6 42. Ra7 $1 Rc4 43. c7 a4 44. g4 (44. Kg4 $18) 44... a3 $2 {[%mdl 8192]} (44... Rc1 $16 45. Kh4 (45. Rxa4 Rxc7 46. Ra6+ Kg7 $18) 45... Rh1+ 46. Kg3 Rc1 47. Rxa4 Rxc7 48. Ra6+ Kg7) 45. Kh4 $1 a2 46. f5+ Kf6 47. Kh5 Rc1 48. Ra6+ Kg7 49. Kh4 $2 (49. f6+ $1 $18 Kh7 50. g5 Rh1+ 51. Kg4) 49... Rxc7 $11 50. Rxa2 Rc1 $1 51. Ra7+ Kf6 $1 52. Ra6+ Kg7 53. Kg3 Rg1+ 54. Kf3 {Black must now prevent Kf4.} Rf1+ 55. Ke4 (55. Ke2 {with more complications.} Rf4 56. Rg6+ Kh7 57. Ke3 Ra4 58. Kf3) 55... Re1+ 56. Kf4 Rf1+ 57. Ke3 Re1+ 58. Kf2 Rb1 59. Re6 Ra1 60. Rg6+ Kh7 61. Kg3 Rg1+ 62. Kf4 (62. Kf2 {looks sharper.} Ra1) 62... Ra1 63. Re6 {Threatens to win with Re7+.} Kg7 64. Rg6+ Kh7 65. Rd6 Kg7 66. Rd7+ Kf6 $1 67. Rh7 ({Resist} 67. Rd6+ $6 Kg7 $16) 67... Rf1+ $1 68. Kg3 Rh1 69. Rh8 (69. Kf4 $5 {[%cal Rh7h6]} Rf1+ 70. Ke3 $16) 69... Kg7 70. Re8 Ra1 71. Re7+ Kf6 72. Rh7 Rh1 73. Kg2 Rh4 74. Kf3 {Strongly threatening Kf4.} Rh2 $2 {[%mdl 8192]} (74... Rh1 $11) 75. Kf4 $1 $18 Rh1 76. Kg3 $2 (76. Rxh6+ $1 {mates} Rxh6 77. g5+ {[%mdl 64] Double Attack} Kg7 78. gxh6+ Kxh6 79. Ke5 Kg7 80. Ke6 Kf8 81. Kf6) 76... Ke5 77. Rf7 Rg1+ 78. Kf3 {And now Re7+ would win.} Rf1+ 79. Kg2 Ra1 80. Kg3 Rg1+ 81. Kf3 Rf1+ 82. Kg2 Ra1 83. Rh7 Kf4 84. Rg7 h5 85. f6 hxg4 $2 {[%mdl 8192] [#]} (85... Ra2+ $11 86. Kf1 Kf3) 86. f7 $1 {White mates.} Ra2+ 87. Kf1 Ra1+ 88. Ke2 Ra2+ 89. Kd3 Ra3+ 90. Kd4 Ra4+ {[#]} 91. Kc3 $1 Ra8 92. Rg8 Ra3+ 93. Kb2 {Accuracy: White = 59%, Black = 63%.} 1-0

[Event "GCT Cote d Ivoire Blitz 2019"]
[Site "Abidjan"]
[Date "2019.05.12"]
[Round "15"]
[White "Ding, Liren"]
[Black "Vachier-Lagrave, Maxime"]
[Result "1/2-1/2"]
[WhiteElo "2786"]
[BlackElo "2792"]
[Annotator "TA"]
[PlyCount "56"]
[EventDate "2019.05.05"]
[EventType "tourn"]
[EventCountry "IVO"]
[SourceTitle "playchess.com"]
[Source "ChessBase"]
[SourceQuality "1"]

{[%evp 12,56,24,24,31,0,0,0,0,0,0,0,30,30,49,45,65,63,58,0,0,10,14,4,2,0,8,0,0,-35,-25,-11,27,-20,-18,-34,21,15,34,13,10,0,0,0,0,0,0]} 1. d4 Nf6 2. c4 g6 3. g3 c5 4. Nf3 Bg7 5. Bg2 O-O 6. Nc3 cxd4 7. Nxd4 Qc7 {E60: King's Indian: Unusual lines and Fianchetto Variation without Nc3} 8. Nd5 Nxd5 9. cxd5 Qb6 10. Nb3 d6 11. O-O Bd7 12. Be3 Qa6 13. Bd4 {[#]} Qa4 $146 ({Predecessor:} 13... Ba4 14. Bxg7 Kxg7 15. Qd4+ {0-1 (42) Xiong,J (2652)-Vachier Lagrave,M (2795) chess.com INT 2017}) 14. Bxg7 Kxg7 15. Qd4+ Qxd4 16. Nxd4 Na6 17. Rfc1 Rac8 18. f4 Nc5 19. Kf2 Na4 20. b3 Nc3 21. Ke1 Rc7 22. Kd2 Rfc8 23. Rc2 Nb5 ({Black should try} 23... Rc5 $15) 24. Rxc7 $11 Rxc7 25. Nxb5 Bxb5 {The position is equal.} 26. a4 Bd7 27. Rc1 Rxc1 28. Kxc1 a5 {Accuracy: White = 27%, Black = 56%.} 1/2-1/2

[Event "GCT Cote d Ivoire Blitz 2019"]
[Site "Abidjan"]
[Date "2019.05.12"]
[Round "15"]
[White "Nepomniachtchi, Ian"]
[Black "Carlsen, Magnus"]
[Result "1/2-1/2"]
[WhiteElo "2776"]
[BlackElo "2867"]
[Annotator "TA"]
[PlyCount "104"]
[EventDate "2019.05.05"]
[EventType "tourn"]
[EventCountry "IVO"]
[SourceTitle "playchess.com"]
[Source "ChessBase"]
[SourceQuality "1"]

{[%evp 24,104,13,17,0,4,15,0,0,0,0,0,2,0,0,0,0,-33,-10,-12,-12,-9,-14,-14,-14,-13,-5,-8,0,-16,-17,-14,-14,-14,-11,-11,-11,-7,0,0,0,0,0,0,0,0,0,0,-1,-8,-8,-8,-8,-15,0,0,0,0,0,0,0,0,0,0,0,0,0,0,0,0,0,0,0,0,0,0,0,0,0,0,0,0,0]} 1. e4 c5 2. Nf3 Nc6 3. d4 cxd4 4. Nxd4 Nf6 5. Nc3 e5 6. Ndb5 d6 7. Nd5 Nxd5 8. exd5 Nb8 9. a4 Be7 10. Be2 O-O 11. O-O f5 12. f4 a6 13. Na3 $1 Nd7 {B33: Sicilian: Pelikan and Sveshnikov Variations} 14. Nc4 b6 {[#]} 15. fxe5 $146 ({Predecessor:} 15. Be3 Rb8 16. Kh1 Qc7 17. Ra3 Qd8 18. Rb3 exf4 19. Bxf4 Nc5 20. Ra3 Rf7 21. b4 {½-½ (35) Percze,J (2522)-Oreopoulos,K (2497) ICCF email 2015}) 15... Nxe5 16. Be3 Nxc4 17. Bxc4 Bf6 18. Bd4 Bd7 19. Kh1 Re8 20. c3 Bxd4 21. Qxd4 {The position is equal.} Re4 22. Qd3 Qc8 23. b3 Qc5 24. Bxa6 Re3 25. Qc4 Rxc3 26. Qxc5 Rxc5 27. Bb7 Ra7 28. Bc6 $1 Bxc6 29. dxc6 $11 {[%mdl 4096] Endgame KRR-KRR} g6 30. Rfc1 {[#] And now b4 would win.} Rc7 $1 31. b4 $1 {[%cal Rb4c5]} R5xc6 32. Rxc6 Rxc6 {KR-KR} 33. a5 bxa5 34. bxa5 Ra6 35. Kg1 Kf7 36. Kf2 Ke6 37. Ke3 Kd5 38. Kf4 h6 39. h4 Ke6 40. g4 fxg4 41. Kxg4 Ke5 42. Kf3 Kd4 43. Kf4 Kc4 44. Ke4 Kc5 45. Rc1+ Kb4 46. Rg1 h5 47. Kd4 Rxa5 48. Rb1+ Ka4 49. Ra1+ Kb5 50. Rxa5+ $1 Kxa5 51. Kd5 Kb4 {Hoping for ...Kc3.} 52. Kxd6 {[#]} g5 $1 {[%mdl 512] Accuracy: White = 89%, Black = 78%.} 1/2-1/2